000 01290nam a22003017a 4500
001 000445
003 DO-SdBNP
005 20171110110501.0
008 160830b 2007 mx ||||| |||| 00| 0 spa d
020 _a9789707706453
040 _aBPMSU
_bspa
_cBPMSU
082 4 _a616.861075
_bP927c
100 1 _aPrentiss, Chris
240 1 0 _aThe alcoholism & addiction cure.
_lEspañol.
245 1 0 _aLa cura del alcoholismo y otras adicciones :
_bun programa excepcional para obtener la sobriedad total /
_cChris Prentiss.
260 _aMéxico, D. F. :
_bAlamah,
_c2007.
300 _a375 p. ;
_c23 23 cm.
490 1 _aMedicina alternativa
505 _tMi compromiso contigo --
_tSanar las causas subyacentes --
_tAl infierno y de regreso --
_tCabia el paradigma de tratamiento --
_tLas cuatro causas de la dependencia --
_tDebes creer que una cura es posible para ti --
_tCrea tu programa holístico de recuperación --
_tTu filosofía personal --
_tUn nuevo capítulo en tu vida.
650 4 _aALCOHOLISMO
650 4 _aALCOHOLISMO
_xTRATAMIENTO
650 4 _aALCOHÓLICOS
_xREHABILITACIÓN
830 0 _aMedicina alternativa
910 _aValidado. Control de calidad MFF
942 _2ddc
_cBK
945 _aInventariado, 2017/MFF
956 _2LOPEREZ
_310
_620160830
_8BPMSU
_a00041
999 _c11222
_d11222